Statistics for Birds

Click here to take the quiz!

General Stats

  • This quiz has been taken 19 times
  • The average score is 3 of 8

Answer Stats

HintAnswer% Correct
The fastest animalPeregrine Falcon
81%
The biggest heronGreat Blue Heron
63%
A duck that lives in the ArcticKing Elder
38%
The smallest birdRuby Throated-Hummingbird
25%
A bird with long legsSecretary Bird
19%
A bird that dives deepComorrant
13%
A poisonous birdHooded Pintoui
13%
A bird that is so light it can walk on lily padsJacanna
13%

Score Distribution

Percentile by Number Answered

Percent of People with Each Score

Your Score History

You have not taken this quiz